The Presidential and Vice-Presidential elections act, 1952 with rules: as modified upto the Ist April, 1962 (Record no. 491165)

000 -LEADER
fixed length control field 00398cam a22001097a 4500
008 - FIXED-LENGTH DATA ELEMENTS--GENERAL INFORMATION
fixed length control field 180718b1962 xxu||||| |||| 00| 0 eng d
082 ## - DEWEY DECIMAL CLASSIFICATION NUMBER
Classification number I21x54 In2a
245 ## - TITLE STATEMENT
Title The Presidential and Vice-Presidential elections act, 1952 with rules: as modified upto the Ist April, 1962
Statement of responsibility, etc. by Ministry of Law
260 ## - PUBLICATION, DISTRIBUTION, ETC.
Place of publication, distribution, etc. New Delhi
Name of publisher, distributor, etc. Manager of Publications
Date of publication, distribution, etc. 1962
300 ## - PHYSICAL DESCRIPTION
Extent 22+p
700 ## - ADDED ENTRY--PERSONAL NAME
Personal name India. Ministry of Law
Holdings
Withdrawn status Lost status Damaged status Not for loan Permanent Location Current Location Date acquired Full call number Barcode Date last seen Price effective from Koha item type
        Indian Institute of Public Administration Indian Institute of Public Administration 2018-08-04 I21x54 In2a G2103 2018-08-04 2018-08-04 G

Powered by Koha